000 00640cab a2200217 4500
001 ABS41108
008 090401t1989 xxu||||| |||| 00| 0 eng d
035 _a(Sirsi) u28275
041 _aeng
100 _aBolton, A.
245 _aPlus ca change
260 _c1989
350 _a0
490 _aNew Civil Engineer
_v(847) 13 July 1989, 32-34(3)
520 _aAn overview of the French building industry , based on findings of a CIRIA report, The French construction industry: a guide for UK professionals.
650 _aFRANCE
650 _aSINGLE MARKET
690 _aEUROPE-SINGLE MARKET
942 _n0
948 _c04/03/1997
999 _c19057
_d19057